[Event "Ceske sachove vanoce 2013"]
[Site "Litomysl"]
[Date "2013.12.28"]
[Round "3.9"]
[White "Mishuchkov, Nikolai M"]
[Black "Houska, Bronislav"]
[Result "1-0"]
[WhiteElo "2353"]
[BlackElo "2036"]
[PlyCount "103"]
[EventDate "2013.??.??"]

1. Nf3 d6 2. d4 g6 3. g3 f5 4. Bg2 Nf6 5. c4 Bg7 6. O-O O-O 7. Nc3 Nc6 8. d5
Ne5 9. Nxe5 dxe5 10. Qb3 Kh8 11. Rd1 a6 12. c5 Qe8 13. d6 exd6 14. cxd6 cxd6
15. Bg5 h6 16. Bxf6 Rxf6 17. Nd5 Rf7 18. Qb6 Qc6 19. Rac1 Qd7 20. Rc7 Qe8 21.
Rxf7 Qxf7 22. Qd8+ Qf8 23. Qxf8+ Bxf8 24. Nb6 Rb8 25. Bd5 f4 26. Rc1 Bf5 27.
Rc7 fxg3 28. hxg3 e4 29. Rxb7 Rxb7 30. Bxb7 Bg7 31. e3 Bxb2 32. Bxa6 Ba3 33.
Bc8 Kg7 34. Bxf5 gxf5 35. Nd5 Kf7 36. Nc7 Ke7 37. Kf1 Kd7 38. Nb5 Bb2 39. Nd4
Bxd4 40. exd4 Kc6 41. Ke2 Kb5 42. Ke3 Kc4 43. a4 d5 44. a5 Kb5 45. Kf4 Kxa5 46.
Kxf5 Kb4 47. Ke5 Kc4 48. g4 Kd3 49. Kxd5 e3 50. fxe3 Kxe3 51. Ke5 Kf3 52. Kf5
1-0

[Event "Ceske sachove vanoce 2013"]
[Site "Litomysl"]
[Date "2013.12.28"]
[Round "4.1"]
[White "Golubka, Petr"]
[Black "Kislinsky, Alexey"]
[Result "1/2-1/2"]
[WhiteElo "2385"]
[BlackElo "2504"]
[PlyCount "52"]
[EventDate "2013.??.??"]

1. Nf3 g6 2. c4 Bg7 3. Nc3 d6 4. g3 Nf6 5. Bg2 O-O 6. O-O Nc6 7. d3 a6 8. Rb1
Nh5 9. Bd2 f5 10. b4 f4 11. b5 axb5 12. cxb5 Na5 13. Nd5 fxg3 14. hxg3 e6 15.
Bg5 Nf6 16. Nxf6+ Bxf6 17. Qd2 b6 18. Bxf6 Qxf6 19. Rbc1 Ra7 20. Rc3 h6 21.
Rfc1 Qg7 22. d4 g5 23. e4 Rf7 24. Qe3 Nb7 25. Qd2 g4 26. Nh4 Na5 1/2-1/2

[Event "Ceske sachove vanoce 2013"]
[Site "Litomysl"]
[Date "2013.12.28"]
[Round "4.2"]
[White "Cerveny, Martin"]
[Black "Petenyi, Tamas"]
[Result "1-0"]
[WhiteElo "2334"]
[BlackElo "2469"]
[PlyCount "53"]
[EventDate "2013.??.??"]

1. d4 g6 2. c4 Bg7 3. Nc3 d6 4. e4 e5 5. dxe5 Bxe5 6. Nge2 Nc6 7. Be3 Nge7 8.
Bh6 f5 9. Qd2 Be6 10. Nf4 Qd7 11. Nfd5 O-O-O 12. f4 Bxc3 13. Qxc3 Bxd5 14. exd5
Nb8 15. Bd3 Na6 16. b4 c5 17. a3 cxb4 18. axb4 Qc7 19. Bg7 Rhe8 20. O-O Qb6+
21. Bd4 Qxb4 22. Qc2 Nc5 23. Rfb1 Nxd5 24. Bf1 Qxb1 25. Qxb1 Nxf4 26. Rxa7 Nfe6
27. Bf6 1-0

[Event "Ceske sachove vanoce 2013"]
[Site "Litomysl"]
[Date "2013.12.28"]
[Round "4.3"]
[White "Plat, Vojtech"]
[Black "Jasny, Stanislav"]
[Result "0-1"]
[WhiteElo "2470"]
[BlackElo "2320"]
[PlyCount "138"]
[EventDate "2013.??.??"]

1. e4 c5 2. Nf3 e6 3. d4 cxd4 4. Nxd4 Nf6 5. Bd3 Nc6 6. Nxc6 bxc6 7. O-O d5 8.
e5 Nd7 9. Re1 Nc5 10. Bf1 Ba6 11. Bxa6 Nxa6 12. c4 Bb4 13. Rf1 O-O 14. Qg4 f5
15. exf6 Qxf6 16. Nd2 Bd6 17. Nf3 e5 18. cxd5 cxd5 19. Be3 d4 20. Bd2 Rae8 21.
Rac1 Nc5 22. Rc4 e4 23. Nxd4 e3 24. Bxe3 Rxe3 25. Nf3 Re6 26. Rd1 Nd7 27. Rc2
Ne5 28. Nxe5 Qxe5 29. g3 Ref6 30. Kg2 Kh8 31. Qd4 Qf5 32. Qd3 Qh5 33. Qd5 Qxd5+
34. Rxd5 Kg8 35. f4 R8f7 36. Rc8+ Bf8 37. b4 Ra6 38. Rd2 Ra4 39. b5 Rb7 40. Rb2
Ra5 41. Ra8 g6 42. h4 Kg7 43. Rc8 Be7 44. Kh3 h5 45. Rc6 Kf7 46. Re2 Rb6 47.
Rc7 Re6 48. Rf2 Kf6 49. Rb2 Ra3 50. Rg2 Ree3 51. Rc6+ Re6 52. Rgc2 Ra5 53. Rc7
Bd8 54. Rd7 Bb6 55. Rc8 Kf5 56. Rf8+ Ke4 57. f5 gxf5 58. Rh7 Rxb5 59. Rxh5 Rg6
60. Rg5 Rxg5 61. hxg5 Bd4 62. Kh4 Rb2 63. g6 Rxa2 64. Re8+ Kd3 65. Kg5 Rg2 66.
Kf4 Rf2+ 67. Kg5 Rf3 68. g4 fxg4 69. Rd8 g3 0-1

[Event "Ceske sachove vanoce 2013"]
[Site "Litomysl"]
[Date "2013.12.28"]
[Round "4.4"]
[White "Chojnacki, Krzysztof"]
[Black "Boguszlavszkij, Jevgenyij"]
[Result "1-0"]
[WhiteElo "2405"]
[BlackElo "2223"]
[PlyCount "89"]
[EventDate "2013.??.??"]

1. d4 d5 2. c4 e6 3. Nc3 Nf6 4. cxd5 exd5 5. Bg5 c6 6. e3 Be7 7. Bd3 O-O 8. Qc2
Nbd7 9. Nf3 Re8 10. O-O Nf8 11. h3 Ne4 12. Bxe7 Qxe7 13. Rab1 Ng5 14. Nxg5 Qxg5
15. Kh2 Re6 16. Ne2 Rh6 17. Ng1 Ng6 18. f4 Qe7 19. f5 Nf8 20. Rbe1 Rd6 21. Nf3
f6 22. Kh1 Rd8 23. e4 dxe4 24. Rxe4 Qd6 25. Qb3+ Kh8 26. Qf7 Qd5 27. Qxd5 cxd5
28. Re7 Bd7 29. Rc1 Rac8 30. Rc5 Rxc5 31. dxc5 Re8 32. Rxe8 Bxe8 33. Kg1 Kg8
34. Kf2 Nd7 35. Bb5 Kf7 36. Bxd7 Bxd7 37. Nd4 g6 38. Ke3 Bxf5 39. Nxf5 gxf5 40.
Kd4 Ke6 41. g3 a5 42. b3 f4 43. gxf4 Kf5 44. a3 Ke6 45. b4 1-0

[Event "Ceske sachove vanoce 2013"]
[Site "Litomysl"]
[Date "2013.12.28"]
[Round "4.5"]
[White "Dowgird, Filip"]
[Black "Mishuchkov, Nikolai M"]
[Result "1-0"]
[WhiteElo "2154"]
[BlackElo "2353"]
[PlyCount "109"]
[EventDate "2013.??.??"]

1. f4 d5 2. Nf3 g6 3. g3 Bg7 4. Bg2 c5 5. O-O Nc6 6. d3 Nf6 7. Nc3 Bg4 8. Ne5
Be6 9. Nxc6 bxc6 10. e4 c4 11. f5 gxf5 12. exf5 Bc8 13. g4 cxd3 14. cxd3 h5 15.
g5 Qb6+ 16. d4 Ne4 17. f6 exf6 18. Nxe4 dxe4 19. gxf6 Bh6 20. Kh1 Bg4 21. Qc2
O-O-O 22. Bxh6 Rxh6 23. Qxe4 Be6 24. Rac1 Bd5 25. Qf5+ Kb7 26. Bxd5 Rxd5 27.
Qe4 Qxd4 28. Qe7+ Rd7 29. Rcd1 Rxe7 30. Rxd4 Rc7 31. Kg2 Rg6+ 32. Kh3 Rg5 33.
Rf3 c5 34. Rdf4 c4 35. Rf5 Rxf5 36. Rxf5 c3 37. bxc3 Rxc3+ 38. Kh4 Rc2 39. h3
Rxa2 40. Kxh5 Kc6 41. Kh6 Rg2 42. h4 Kd6 43. Rg5 Rh2 44. h5 Ke6 45. Kg7 a5 46.
h6 a4 47. Rg4 a3 48. Re4+ Kf5 49. Ra4 a2 50. Ra5+ Ke6 51. Ra6+ Kf5 52. h7 Rxh7+
53. Kxh7 a1=Q 54. Rxa1 Kxf6 55. Kh6 1-0

[Event "Ceske sachove vanoce 2013"]
[Site "Litomysl"]
[Date "2013.12.28"]
[Round "4.6"]
[White "Kulhanek, Tomas"]
[Black "Novotny, Michal"]
[Result "1/2-1/2"]
[WhiteElo "2345"]
[BlackElo "2241"]
[PlyCount "77"]
[EventDate "2013.??.??"]

1. e4 e6 2. d4 d5 3. e5 c5 4. c3 Qb6 5. Nf3 Nc6 6. a3 Nh6 7. Bd3 Bd7 8. Bc2 f6
9. O-O Nf7 10. Re1 cxd4 11. cxd4 fxe5 12. dxe5 Bc5 13. Re2 Nd4 14. Nxd4 Bxd4
15. Nc3 O-O 16. Bf4 Nd6 17. Be3 Bxe3 18. Rxe3 Rxf2 19. Kxf2 Nc4 20. Qd3 g6 21.
Nd1 Nxe3 22. Nxe3 Bb5 23. Qd2 d4 24. Ng4 d3+ 25. Kg3 dxc2 26. Qxc2 Rd8 27. Rd1
Kg7 28. Rxd8 Qxd8 29. Qc1 g5 30. h3 Kg6 31. Qc5 Qd2 32. Qf8 Qd3+ 33. Kh2 Qf5
34. Qg8+ Kh5 35. Nf6+ Kh6 36. Qf8+ Kg6 37. Qg8+ Kh6 38. Ng4+ Kh5 39. Nf6+
1/2-1/2

[Event "Ceske sachove vanoce 2013"]
[Site "Litomysl"]
[Date "2013.12.28"]
[Round "4.7"]
[White "Gazik, Igor"]
[Black "Varga, Klara"]
[Result "1-0"]
[WhiteElo "2321"]
[BlackElo "2211"]
[PlyCount "75"]
[EventDate "2013.??.??"]

1. e4 e6 2. d4 d5 3. Nc3 Nc6 4. Nf3 Nf6 5. e5 Ne4 6. a3 Nxc3 7. bxc3 Na5 8. Bd3
Be7 9. h4 h6 10. Rh3 g6 11. h5 g5 12. Nh2 c5 13. Ng4 Nc6 14. dxc5 Qa5 15. Bd2
Qxc5 16. Kf1 Bd7 17. Rf3 O-O-O 18. Rb1 Rdf8 19. Kg1 Bd8 20. Qe2 Qxa3 21. Qe1
Bc7 22. c4 Qe7 23. Bc3 d4 24. Bd2 a6 25. Be4 Qc5 26. Rfb3 b6 27. Ra1 a5 28. Rb5
Qe7 29. Rab1 Nb8 30. Rxb6 Bxb6 31. Bxa5 Nc6 32. Bxb6 f5 33. exf6 Qd6 34. Rb5
Qa3 35. Bc5 Qc3 36. Qb1 Qxc4 37. Rb8+ Nxb8 38. Qb7+ 1-0

[Event "Ceske sachove vanoce 2013"]
[Site "Litomysl"]
[Date "2013.12.28"]
[Round "4.8"]
[White "Sabol, Marian"]
[Black "Pulpan, Jakub"]
[Result "1/2-1/2"]
[WhiteElo "2308"]
[BlackElo "2102"]
[PlyCount "149"]
[EventDate "2013.??.??"]

1. Nf3 Nf6 2. g3 e6 3. Bg2 b6 4. O-O Bb7 5. c4 Be7 6. b3 O-O 7. Bb2 d5 8. cxd5
Bxd5 9. Nc3 Bb7 10. d4 Ne4 11. Qc2 Nxc3 12. Bxc3 Qc8 13. e4 c5 14. dxc5 Qxc5
15. Qb2 Qa3 16. Bxg7 Qxb2 17. Bxb2 Bxe4 18. Rac1 Nc6 19. Rc4 f5 20. Rfc1 Nb4
21. Ba3 a5 22. Ne5 Bd5 23. Bxb4 axb4 24. Bxd5 exd5 25. R4c2 Bc5 26. Nd7 Rf7 27.
Nxc5 bxc5 28. Rxc5 Rxa2 29. Rxd5 Rb2 30. Rcc5 Rxb3 31. Rxf5 Rxf5 32. Rxf5 Rd3
33. Rb5 b3 34. Rb7 Kf8 35. Kg2 Kg8 36. h4 h6 37. h5 Kh8 38. Kh3 Rf3 39. Kg2 Rd3
40. f4 Rd2+ 41. Kf3 b2 42. Ke4 Rg2 43. Kf3 Rc2 44. Kg4 Rg2 45. Rb3 Kg8 46. Kf5
b1=Q+ 47. Rxb1 Rxg3 48. Rb8+ Kh7 49. Kf6 Rg7 50. Rf8 Rg4 51. Kf5 Rg7 52. Ke6
Rg4 53. Rf7+ Kg8 54. f5 Ra4 55. Rd7 Ra6+ 56. Rd6 Ra1 57. Rd8+ Kh7 58. Rd7+ Kg8
59. Rd8+ Kh7 60. Re8 Ra6+ 61. Ke5 Ra5+ 62. Kf6 Ra1 63. Re7+ Kg8 64. Kg6 Rg1+
65. Kxh6 Rg2 66. Rb7 Rg1 67. f6 Rf1 68. Rg7+ Kf8 69. Kg6 Rg1+ 70. Kh7 Rf1 71.
Rg6 Kf7 72. h6 Rh1 73. Rg2 Kxf6 74. Rf2+ Ke7 75. Kg6 1/2-1/2

[Event "Ceske sachove vanoce 2013"]
[Site "Litomysl"]
[Date "2013.12.28"]
[Round "4.9"]
[White "Mueller, Fabian"]
[Black "Gazikova, Veronika"]
[Result "1-0"]
[WhiteElo "2356"]
[BlackElo "2124"]
[PlyCount "89"]
[EventDate "2013.??.??"]

1. d4 Nf6 2. Nf3 g6 3. Nc3 Bg7 4. e4 d6 5. Be3 O-O 6. Qd2 e5 7. dxe5 dxe5 8.
Rd1 Qxd2+ 9. Nxd2 a6 10. f3 Be6 11. Bc4 Bxc4 12. Nxc4 Nc6 13. Bg5 b5 14. Ne3
Nd4 15. Ne2 Ne6 16. Bh4 Rac8 17. Kf2 c6 18. Nc1 Rfd8 19. Nd3 Re8 20. c3 h5 21.
Bg3 Nd7 22. Nb4 Ndc5 23. b3 a5 24. Nd3 Nxd3+ 25. Rxd3 Nc5 26. Rdd1 Bf6 27. Ke2
Red8 28. Bf2 Ne6 29. g3 Rxd1 30. Rxd1 Rd8 31. Ra1 b4 32. Rc1 bxc3 33. Rxc3 Nd4+
34. Kf1 Nxf3 35. Rxc6 Nd2+ 36. Ke2 Nxe4 37. Be1 a4 38. bxa4 Rd6 39. Rxd6 Nxd6
40. Bb4 Nc8 41. a5 Bd8 42. Nc4 Na7 43. Bc5 Nb5 44. a6 Nc7 45. Bb6 1-0

[Event "Ceske sachove vanoce 2013"]
[Site "Litomysl"]
[Date "2013.12.29"]
[Round "5.1"]
[White "Kislinsky, Alexey"]
[Black "Cerveny, Martin"]
[Result "1-0"]
[WhiteElo "2504"]
[BlackElo "2334"]
[PlyCount "55"]
[EventDate "2013.??.??"]

1. e4 c5 2. Nc3 d6 3. f4 g6 4. Nf3 Bg7 5. d4 cxd4 6. Nxd4 Nc6 7. Be3 Nh6 8. Be2
f5 9. Qd2 fxe4 10. Nxe4 O-O 11. O-O-O Qa5 12. Qxa5 Nxa5 13. Ng5 Ng4 14. Bg1 h6
15. Nge6 Bxd4 16. Nxd4 Rxf4 17. Bf3 Kh7 18. h3 Ne5 19. Bh2 Rf8 20. Rhe1 Nxf3
21. Rxe7+ Kg8 22. Nxf3 Rf7 23. Re8+ Rf8 24. Rxf8+ Kxf8 25. Rxd6 Kg7 26. Be5+
Kh7 27. Ng5+ hxg5 28. Rd8 1-0

[Event "Ceske sachove vanoce 2013"]
[Site "Litomysl"]
[Date "2013.12.29"]
[Round "5.2"]
[White "Gazik, Igor"]
[Black "Chojnacki, Krzysztof"]
[Result "1/2-1/2"]
[WhiteElo "2321"]
[BlackElo "2405"]
[PlyCount "75"]
[EventDate "2013.??.??"]

1. e4 e5 2. f4 exf4 3. Bc4 d5 4. exd5 Nf6 5. Nc3 Bd6 6. Qe2+ Qe7 7. Nb5 Nbd7 8.
Nxd6+ cxd6 9. d3 Nb6 10. Bxf4 Bg4 11. Qxe7+ Kxe7 12. Bg5 Nxc4 13. dxc4 Rhc8 14.
b3 b5 15. h3 Bf5 16. Nf3 bxc4 17. Nd4 Bg6 18. O-O cxb3 19. axb3 Bxc2 20. Bxf6+
gxf6 21. Rae1+ Kf8 22. Rxf6 Rab8 23. Rxd6 Bxb3 24. Rd7 Bc4 25. Nc6 Rb5 26. Nxa7
Re8 27. Rxe8+ Kxe8 28. Nxb5 Kxd7 29. Nc3 Kd6 30. Kf2 Bxd5 31. Nxd5 Kxd5 32. Kf3
Ke5 33. Kg4 Kf6 34. Kh5 Kg7 35. Kg5 h6+ 36. Kf5 Kg8 37. Kf6 Kf8 38. g4 1/2-1/2

[Event "Ceske sachove vanoce 2013"]
[Site "Litomysl"]
[Date "2013.12.29"]
[Round "5.3"]
[White "Jasny, Stanislav"]
[Black "Golubka, Petr"]
[Result "1-0"]
[WhiteElo "2320"]
[BlackElo "2385"]
[PlyCount "105"]
[EventDate "2013.??.??"]

1. e4 e5 2. Nf3 Nc6 3. Bc4 Nf6 4. d4 exd4 5. e5 d5 6. Bb5 Ne4 7. Nxd4 Bd7 8.
Bxc6 bxc6 9. O-O Be7 10. f3 Nc5 11. f4 Ne4 12. Nd2 c5 13. Nxe4 dxe4 14. Ne2 Ba4
15. b3 Qxd1 16. Rxd1 Bc6 17. Be3 f5 18. c4 Kf7 19. Nc3 Rhc8 20. Rab1 Rab8 21.
Nd5 Bf8 22. Bd2 h6 23. Ba5 Rb7 24. Kf2 Ke6 25. Ke3 Be8 26. g4 Bg6 27. gxf5+
Bxf5 28. Rb2 g5 29. Rg2 c6 30. Nf6 Be7 31. Nxe4 gxf4+ 32. Kxf4 Rf8 33. Nf6 Rbb8
34. Rg7 Bc2 35. Rd2 Bb1 36. Bc7 Rbe8 37. Ba5 Rc8 38. Rg1 Bh7 39. Bc3 Rf7 40.
Rg3 Bb1 41. Rh3 Rh8 42. Rg3 h5 43. h4 Bf5 44. Rd7 Bxf6 45. Rd6+ Ke7 46. Rxf6
Be6 47. Ke3 Rxf6 48. exf6+ Kf8 49. Rg7 Rg8 50. Kf4 Rxg7 51. fxg7+ Kf7 52. Ke5
Bg4 53. Ke4 1-0

[Event "Ceske sachove vanoce 2013"]
[Site "Litomysl"]
[Date "2013.12.29"]
[Round "5.5"]
[White "Balacek, Tadeas"]
[Black "Mueller, Fabian"]
[Result "1-0"]
[WhiteElo "2210"]
[BlackElo "2356"]
[PlyCount "123"]
[EventDate "2013.??.??"]

1. d4 Nf6 2. c4 c5 3. d5 e6 4. Nc3 exd5 5. cxd5 d6 6. Nf3 g6 7. Nd2 Nbd7 8. e4
a6 9. a4 Bg7 10. Be2 O-O 11. O-O Rb8 12. Ra3 Re8 13. Qc2 h5 14. h3 Nh7 15. a5
Bd4 16. Nf3 Bg7 17. Nd2 Bd4 18. Nf3 Ne5 19. Nxd4 cxd4 20. f4 Nd7 21. Nd1 Nc5
22. Nf2 Qe7 23. Bf3 d3 24. Nxd3 Nxe4 25. Re1 f5 26. Nf2 Nhf6 27. Rae3 Qf7 28.
Nxe4 fxe4 29. Be2 Bf5 30. Bc4 Rbc8 31. Qb3 Rc5 32. Rc3 Rxa5 33. Qb6 Rc5 34.
Qxd6 Rec8 35. Ba2 Rxc3 36. bxc3 Qf8 37. Qe5 Nd7 38. d6+ Kh7 39. Qe7+ Qxe7 40.
dxe7 Nf6 41. Ba3 Kg7 42. Rb1 b5 43. Bb4 Bd7 44. Kf2 Be8 45. Rd1 a5 46. Rd8 Rc7
47. Bd6 Rxc3 48. Be5 Rc2+ 49. Ke3 Rxa2 50. Rxe8 Kf7 51. Rf8+ Kxe7 52. Rxf6 Rxg2
53. Kxe4 g5 54. Kf3 Rg1 55. Kf2 Rh1 56. fxg5 Rxh3 57. g6 Rh4 58. g7 Rg4 59. Rf8
Ke6 60. g8=Q+ Rxg8 61. Rxg8 Kxe5 62. Rg5+ 1-0

[Event "Ceske sachove vanoce 2013"]
[Site "Litomysl"]
[Date "2013.12.29"]
[Round "5.6"]
[White "Pulpan, Jakub"]
[Black "Kulhanek, Tomas"]
[Result "1/2-1/2"]
[WhiteElo "2102"]
[BlackElo "2345"]
[PlyCount "80"]
[EventDate "2013.??.??"]

1. e4 g6 2. d4 Bg7 3. Nc3 d6 4. Nf3 a6 5. Be3 b5 6. Qd2 Bb7 7. Bd3 Nd7 8. d5 c5
9. dxc6 Bxc6 10. O-O Ngf6 11. Bh6 O-O 12. Bxg7 Kxg7 13. Rfe1 b4 14. Nd1 a5 15.
Qf4 e5 16. Qe3 Re8 17. Nd2 Nc5 18. f3 Rc8 19. Nf2 Bb7 20. Nb3 Nxd3 21. cxd3 a4
22. Nd2 d5 23. Rac1 d4 24. Qe2 Ba6 25. Nc4 Bxc4 26. Rxc4 Rxc4 27. dxc4 Qd6 28.
Nd3 Nd7 29. Qd2 Rb8 30. Rc1 Nc5 31. Nxc5 Qxc5 32. Qd3 b3 33. a3 Rc8 34. g3 h5
35. Kg2 h4 36. g4 Qe7 37. Qd2 Qe6 38. Qd3 Qf6 39. Qd2 Qe6 40. Qd3 Qf6 1/2-1/2

[Event "Ceske sachove vanoce 2013"]
[Site "Litomysl"]
[Date "2013.12.29"]
[Round "5.7"]
[White "Herbold, Manfred"]
[Black "Cerveny, Petr"]
[Result "0-1"]
[WhiteElo "2139"]
[BlackElo "2292"]
[PlyCount "64"]
[EventDate "2013.??.??"]

1. e4 e6 2. d4 d5 3. Nc3 Nf6 4. Bg5 Be7 5. e5 Nfd7 6. Bxe7 Qxe7 7. f4 a6 8. Nf3
c5 9. dxc5 Nc6 10. Bd3 Nxc5 11. O-O Bd7 12. Ne2 f5 13. exf6 gxf6 14. Re1 O-O-O
15. Ned4 Qd6 16. Qd2 Kb8 17. Nxc6+ Bxc6 18. Nd4 Bd7 19. Nf3 Rdg8 20. g3 h5 21.
Kf2 Bc6 22. Qc3 Rh6 23. Re2 h4 24. Rg1 hxg3+ 25. hxg3 Rgh8 26. Qd4 Nd7 27. Ke1
Rh5 28. Qe3 e5 29. fxe5 fxe5 30. g4 Rh3 31. Rd2 d4 32. Be2 Qf8 0-1

[Event "Ceske sachove vanoce 2013"]
[Site "Litomysl"]
[Date "2013.12.29"]
[Round "5.8"]
[White "Novotny, Michal"]
[Black "Seidl, Stepan"]
[Result "1/2-1/2"]
[WhiteElo "2241"]
[BlackElo "2178"]
[PlyCount "143"]
[EventDate "2013.??.??"]

1. d4 Nf6 2. c4 g6 3. Nc3 d5 4. cxd5 Nxd5 5. e4 Nxc3 6. bxc3 Bg7 7. Nf3 c5 8.
Be2 O-O 9. O-O b6 10. Rb1 Bb7 11. d5 Bxc3 12. Bc4 Qd6 13. Bh6 Nd7 14. Bxf8 Kxf8
15. Qd3 Ba5 16. Qe3 f6 17. Qh6+ Kg8 18. Rb3 Rf8 19. Re3 Bc8 20. Rd1 a6 21. a4
Ne5 22. Nxe5 fxe5 23. h4 b5 24. axb5 axb5 25. Bxb5 Bg4 26. Be2 Bxe2 27. Rxe2 c4
28. h5 Bb6 29. hxg6 hxg6 30. Rc1 Qf6 31. Qd2 c3 32. Rxc3 Ba5 33. Qc2 Bxc3 34.
Qxc3 Rb8 35. Re1 Kg7 36. g3 g5 37. Kg2 Rf8 38. f3 g4 39. f4 exf4 40. Qxf6+ Rxf6
41. gxf4 Rxf4 42. Kg3 e5 43. dxe6 Rf6 44. Kxg4 Rxe6 45. Kf5 Kf7 46. Rh1 Rb6 47.
Rh7+ Ke8 48. Rh8+ Ke7 49. e5 Ra6 50. Rb8 Rc6 51. Ra8 Rb6 52. Ra5 Rh6 53. Ke4
Rb6 54. Kd5 Rh6 55. Kc5 Rh5 56. Kd4 Rh4+ 57. Kd5 Rh6 58. Ra7+ Ke8 59. Rc7 Rg6
60. Rc6 Rxc6 61. Kxc6 Ke7 62. Kd5 Kd7 63. e6+ Ke7 64. Ke5 Ke8 65. Kd6 Kd8 66.
Kd5 Ke7 67. Ke5 Ke8 68. Kd5 Ke7 69. Ke5 Ke8 70. Kf6 Kf8 71. e7+ Ke8 72. Ke6
1/2-1/2

[Event "Ceske sachove vanoce 2013"]
[Site "Litomysl"]
[Date "2013.12.29"]
[Round "5.9"]
[White "Ptacek, Lubos"]
[Black "Kiselev, Pavel"]
[Result "1/2-1/2"]
[WhiteElo "2092"]
[BlackElo "2233"]
[PlyCount "106"]
[EventDate "2013.??.??"]

1. e4 c5 2. Nf3 d6 3. d4 cxd4 4. Nxd4 Nf6 5. Nc3 a6 6. Be3 e5 7. Nb3 Be6 8. Be2
Be7 9. O-O O-O 10. Qd2 b5 11. Rad1 Qc7 12. f4 Nbd7 13. Nd5 Bxd5 14. exd5 Nb6
15. fxe5 Nfxd5 16. Bf3 Nxe3 17. Qxe3 Nc4 18. Qe2 Rae8 19. e6 fxe6 20. Qxe6+ Kh8
21. Bh5 Rxf1+ 22. Rxf1 Rf8 23. Rxf8+ Bxf8 24. Bf3 Qa7+ 25. Kf1 g6 26. Qc8 Kg7
27. Qb7+ Qxb7 28. Bxb7 a5 29. Ba6 a4 30. Nd4 Kf6 31. b3 axb3 32. axb3 Na3 33.
Bxb5 Ke5 34. c3 Nxb5 35. Nxb5 Ke4 36. Ke2 d5 37. Nd4 h5 38. Nf3 Bd6 39. g3 Bc7
40. Nd2+ Kf5 41. Kf3 g5 42. h3 g4+ 43. hxg4+ hxg4+ 44. Kf2 Be5 45. c4 dxc4 46.
Nxc4 Bd4+ 47. Ke2 Ke4 48. Nd2+ Kd5 49. Kd3 Be5 50. Ne4 Bb8 51. Nf6+ Kc6 52. Kc4
Bxg3 53. Nxg4 Be1 1/2-1/2

[Event "Ceske sachove vanoce 2013"]
[Site "Litomysl"]
[Date "2013.12.30"]
[Round "6.1"]
[White "Jasny, Stanislav"]
[Black "Kislinsky, Alexey"]
[Result "0-1"]
[WhiteElo "2320"]
[BlackElo "2504"]
[PlyCount "116"]
[EventDate "2013.??.??"]

1. e4 d6 2. d4 Nf6 3. Nc3 g6 4. Nf3 Bg7 5. Be3 a6 6. a4 O-O 7. h3 Nc6 8. Be2 e6
9. O-O h6 10. Qd2 Kh7 11. Rad1 Ne7 12. Bd3 b6 13. Qe2 Nd7 14. e5 f5 15. exf6
Nxf6 16. Nh4 Nf5 17. Nxg6 Kxg6 18. g4 Kh7 19. gxf5 exf5 20. Qf3 Bd7 21. Bxf5+
Kh8 22. Bxd7 Qxd7 23. Kh2 Rae8 24. Rg1 d5 25. Rg2 Ne4 26. Qh5 Rf5 27. Qh4 Qd6+
28. Kh1 Nxc3 29. bxc3 Re4 30. Rg4 Qe7 31. Qxe7 Rxe7 32. Rg6 Kh7 33. Rc6 Rf6 34.
Rxf6 Bxf6 35. Kg2 Re6 36. Ra1 Rc6 37. Bd2 Kg6 38. f4 Kf5 39. Kf3 Rc4 40. Ke3 c5
41. dxc5 bxc5 42. Kd3 Re4 43. Be3 Bxc3 44. Kxc3 Rxe3+ 45. Kd2 Rxh3 46. Re1 Kxf4
47. Re6 a5 48. c3 Rh2+ 49. Kd3 h5 50. Rc6 Rh3+ 51. Kd2 c4 52. Ra6 Rh2+ 53. Kc1
h4 54. Rxa5 Ke4 55. Ra8 Kd3 56. a5 Kxc3 57. Kb1 Rb2+ 58. Ka1 Rb4 0-1

[Event "Ceske sachove vanoce 2013"]
[Site "Litomysl"]
[Date "2013.12.30"]
[Round "6.2"]
[White "Chojnacki, Krzysztof"]
[Black "Balacek, Tadeas"]
[Result "1/2-1/2"]
[WhiteElo "2405"]
[BlackElo "2210"]
[PlyCount "58"]
[EventDate "2013.??.??"]

1. d4 Nf6 2. c4 c5 3. d5 b5 4. Nf3 Qa5+ 5. Bd2 b4 6. Qc2 d6 7. e4 g6 8. h3 Bg7
9. Bd3 O-O 10. O-O Qc7 11. Bf4 e5 12. dxe6 Bxe6 13. e5 dxe5 14. Bxe5 Qb6 15. b3
Nc6 16. Bb2 Rad8 17. Nbd2 Rd7 18. Be4 Rfd8 19. Rae1 Nxe4 20. Nxe4 Bf5 21. Bxg7
Kxg7 22. Qb2+ Nd4 23. Ne5 Re7 24. Ng3 Bc8 25. Nd3 Rxe1 26. Rxe1 Bb7 27. Ne4
Bxe4 28. Rxe4 Qf6 29. Qb1 Ne6 1/2-1/2

[Event "Ceske sachove vanoce 2013"]
[Site "Litomysl"]
[Date "2013.12.30"]
[Round "6.4"]
[White "Dowgird, Filip"]
[Black "Gazik, Igor"]
[Result "0-1"]
[WhiteElo "2154"]
[BlackElo "2321"]
[PlyCount "74"]
[EventDate "2013.??.??"]

1. b3 e5 2. Bb2 Nc6 3. e3 Nf6 4. Bb5 Bd6 5. Na3 Na5 6. Be2 a6 7. c4 O-O 8. Nc2
Re8 9. d3 b6 10. e4 b5 11. c5 Bf8 12. Nf3 Nc6 13. b4 a5 14. a3 d6 15. cxd6 axb4
16. dxc7 Qxc7 17. O-O bxa3 18. Nxa3 Ba6 19. Qb1 Qb6 20. Nc2 Bc5 21. Nd2 b4 22.
Rxa6 Qxa6 23. Ne3 Bd4 24. Nd5 Nxd5 25. exd5 Bxb2 26. dxc6 Bc3 27. Ne4 Qxc6 28.
Bf3 Ra1 29. Qb3 Qe6 30. Qc2 Rea8 31. Nxc3 Rxf1+ 32. Kxf1 Rc8 33. Bd5 Rxc3 34.
Qa4 Qe7 35. Qb5 g6 36. g3 Kg7 37. Bc4 e4 0-1

[Event "Ceske sachove vanoce 2013"]
[Site "Litomysl"]
[Date "2013.12.30"]
[Round "6.5"]
[White "Plat, Vojtech"]
[Black "Boguszlavszkij, Jevgenyij"]
[Result "1-0"]
[WhiteElo "2470"]
[BlackElo "2223"]
[PlyCount "71"]
[EventDate "2013.??.??"]

1. b3 Nf6 2. Bb2 b6 3. e3 Bb7 4. f4 e6 5. Nf3 Be7 6. Be2 d5 7. O-O Nbd7 8. c4
dxc4 9. bxc4 O-O 10. Nc3 Nc5 11. Ne5 Nfd7 12. Qc2 f5 13. d4 Nxe5 14. fxe5 Nd7
15. c5 Bg5 16. Bc1 Qe7 17. cxb6 Nxb6 18. Bf3 Bxf3 19. Rxf3 Qd7 20. Ba3 Rfd8 21.
Bc5 Qc6 22. e4 Nd7 23. Ba3 Qc4 24. Rd1 c5 25. Qf2 cxd4 26. Rxd4 Qa6 27. Bd6 f4
28. h4 Bh6 29. Be7 Nxe5 30. Bxd8 Nxf3+ 31. Qxf3 Rc8 32. Rd3 g6 33. Bf6 Bf8 34.
Be5 Bc5+ 35. Kh2 Rf8 36. Rd7 1-0

[Event "Ceske sachove vanoce 2013"]
[Site "Litomysl"]
[Date "2013.12.30"]
[Round "6.6"]
[White "Kiselev, Pavel"]
[Black "Petenyi, Tamas"]
[Result "0-1"]
[WhiteElo "2233"]
[BlackElo "2469"]
[PlyCount "90"]
[EventDate "2013.??.??"]

1. Nf3 g6 2. e4 Bg7 3. d4 d6 4. c3 Nf6 5. Bd3 O-O 6. O-O c5 7. h3 Qc7 8. Be3 b6
9. Qe2 Bb7 10. Nbd2 Nbd7 11. Bf4 e5 12. Bh2 Rfe8 13. dxe5 dxe5 14. Ba6 Bc6 15.
a4 Rad8 16. Bb5 Nh5 17. Bxc6 Qxc6 18. Qb5 Qb7 19. Nc4 Ndf6 20. Rfe1 Nxe4 21.
Rxe4 Qxe4 22. Nd6 Qa8 23. Nxe8 Rxe8 24. a5 Qd8 25. axb6 axb6 26. Re1 e4 27. Bc7
Qa8 28. Nd2 Re6 29. Nc4 Qb7 30. Bxb6 Nf4 31. Nd6 Rxd6 32. Qe8+ Bf8 33. Bxc5 Qc6
34. Qxc6 Rxc6 35. Bxf8 Kxf8 36. Rxe4 Nd3 37. Re2 Rb6 38. b4 Rc6 39. Re3 Rxc3
40. Kh2 Rb3 41. Kg3 Nc1 42. Rxb3 Nxb3 43. Kf4 Nd4 44. Ke4 Nc6 45. b5 Na7 0-1

[Event "Ceske sachove vanoce 2013"]
[Site "Litomysl"]
[Date "2013.12.30"]
[Round "6.7"]
[White "Golubka, Petr"]
[Black "Kowalczyk, Pawel"]
[Result "1-0"]
[WhiteElo "2385"]
[BlackElo "2189"]
[PlyCount "75"]
[EventDate "2013.??.??"]

1. e4 e6 2. d4 d5 3. Nd2 c5 4. Ngf3 Nc6 5. exd5 exd5 6. Bb5 Bd6 7. dxc5 Bxc5 8.
Nb3 Bd6 9. Bg5 Nge7 10. O-O O-O 11. Re1 Bg4 12. Be2 Qc7 13. h3 Bd7 14. Rc1 f6
15. Be3 Ne5 16. Nxe5 fxe5 17. c4 d4 18. c5 dxe3 19. fxe3 Nf5 20. cxd6 Qb6 21.
Nc5 Bc6 22. Qd2 Rad8 23. d7 Kh8 24. Rf1 Bxg2 25. Kxg2 Qg6+ 26. Bg4 h5 27. e4
Nd4 28. Rxf8+ Rxf8 29. Rf1 Rg8 30. Qf2 b6 31. Qh4 bxc5 32. d8=Q Rxd8 33. Qxd8+
Kh7 34. Qh4 Qxe4+ 35. Kh2 g6 36. Rf2 Kg7 37. Qf6+ Kh7 38. h4 1-0

[Event "Ceske sachove vanoce 2013"]
[Site "Litomysl"]
[Date "2013.12.30"]
[Round "6.9"]
[White "Kulhanek, Tomas"]
[Black "Kubik, Michael"]
[Result "1-0"]
[WhiteElo "2345"]
[BlackElo "2187"]
[PlyCount "79"]
[EventDate "2013.??.??"]

1. e4 c5 2. f4 d5 3. exd5 Nf6 4. Bb5+ Nbd7 5. c4 a6 6. Ba4 b5 7. cxb5 Nxd5 8.
Nc3 e6 9. Nxd5 exd5 10. Nf3 d4 11. O-O Be7 12. bxa6 O-O 13. d3 Bxa6 14. Bb3 Bf6
15. Re1 Qb8 16. Ng5 h6 17. Ne4 Qc7 18. Bc4 Bxc4 19. dxc4 Rfb8 20. Qd3 Qc6 21.
b3 Bh4 22. Re2 f5 23. Nd2 Re8 24. Rxe8+ Rxe8 25. Nf3 Bf6 26. Qxf5 d3 27. Rb1
Re2 28. Qxd3 Bd4+ 29. Kh1 Rxa2 30. Bd2 Nf6 31. Nxd4 cxd4 32. Re1 Qc5 33. h3 h5
34. b4 Qd6 35. c5 Qd5 36. Re5 Qf7 37. Qxd4 h4 38. Bc3 Rc2 39. Rg5 Rc1+ 40. Kh2
1-0